000 00438nam a2200169Ia 4500
008 241115s9999 xx 000 0 und d
020 _a81-7808-835-5
082 _a621.3815 FLO
100 _aFloyd, Thomas L.
245 0 _aElectronic Devices
250 _a6th ed.
260 _aNew Delhi:
_bPearson Education,
_c2009
300 _axxiii,993p.
600 _aElectrical Engineering
650 _aElectronic Engineering
942 _cBBD
999 _c26064
_d26064